01986nam a2200241Ia 4500001000600000003000900006008004100015040001300056040001300069041001300082100002300095100002900118245001600147245001600163250001100179260001100190260001500201260004900216300005700265500136100322650003001683650003101713H3032IT-RoPAU130308s9999 xx 000 0 und d aIT-RoPAU cIT-RoPAU aITALIANO aPitassio Francesco gCodice Aut. SPICS: 48208 aAttore/Divo bAttore/Divo a1a ed. aMILANO bIl Castoro c2003 [1° Ed.:2003 - Ed.Ling.Originale:2003] a"176 p. (prefazione: no ; testo: 176 [pagine: 0-0])" a"Il Tema dell'attore Cinematografico è Stato a lungo Trascurato. nascosto Dall'Ombra del regista e Dai Procedimenti tecnici ed Estetici del Cinema, Confuso con L'Ingombrante fenomeno Divistico. l'autore parte da un Assunto: I Discorsi Sulla Star e l'attore Non Coincidono, Implicano Parametri e Oggetti Differenti. Il Predominio della Narrazione e del Montaggio, L'Assetto Industriale del Cinema Sono Stati Determinanti nella Definizione del Divo. Tuttavia, l'attore continua a Esistere e rappresenta Anzi una delle Componenti Fondamentali del Film. rappresentazione dell'Uomo: l'attore nell'epoca della Riproducibilità Tecnica: Indice, Icona, Traducibilita'; Visibilità Erivelazione; Individuo, Tipo, Classe; presenza e Assenza; Movimento. Racconto e Spettacolo: Ideologia Naturale:Il Personaggio; Modi di Rappresentazione; Intenzione, Gesto, Frammento. Codice ed Espressione: Natura e Cultura; Lingua e Parola. Teorie: teorie dell'Attore: Fasi, Modelli Derivati, Modelli Originali, Storia e Teoria. teorie del Divismo: Santi Non Lo si è Solo Dopo; l'uomo Straordinario e Ordinario del Cinema; I Segni delle Stelle; Identità e Cultura. Riscontri: Fotogenia di L. Delluc; Genialità nella recitazione Cinematografica di W. Haas; al Cinema Esiste una maschera D'Attore? di W. Haas; Costruzione delle immagini Popolari di T. Harris. Bibliografia." aTEORICHE CINEMATOGRAFICHE eCodice materia Spics: 6805